Top 5 European Leagues Top Assisters: 1997/98 - Statistics

General Stats
  • This quiz has been taken 2 times
  • The average score is 8 of 34
Answer Stats
League Assists Club Nationality Player % Correct
Serie A 11 Juventus Italy Alessandro Del Piero
100%
La Liga 8 Real Madrid Netherlands Clarence Seedorf
100%
Bundesliga 9 Bayern Munich Brazil Giovane Elber
100%
La Liga 10 Barcelona Portugal Luis Figo
100%
Serie A 9 Milan France Ibrahim Ba
50%
Bundesliga 14 Stuttgart Bulgaria Krasimir Balakov
50%
Eredivisie 9 Ajax Denmark Michael Laudrup
50%
Serie A 9 Bologna Italy Roberto Baggio
50%
La Liga 9 Real Madrid Brazil Roberto Carlos
50%
Serie A 11 Lazio Italy Roberto Mancini
50%
Eredivisie 14 PSV Netherlands Wim Jonk
50%
Bundesliga 9 Kaiserslautern Switzerland Ciriaco Sforza
0%
Division 1 2 Marseille France Claude Makelele
0%
Division 1 2 Strasbourg France Corentin Martins
0%
Bundesliga 13 Koln Romania Dorinel Munteanu
0%
Eredivisie 9 Roda Netherlands Eric van der Luer
0%
Division 1 2 Marseille Italy Frabrizio Ravanelli
0%
Division 1 3 Metz France Frederic Meyrieu
0%
La Liga 6 Barcelona Spain Ivan de la Pena
0%
Serie A 9 Udinese Belgium Johan Walem
0%
Bundesliga 9 Borussia Dortmund Germany Jorg Heinrich
0%
La Liga 5 Mallorca Yugoslavia Jovan Stankovic
0%
La Liga 5 Mallorca Spain Juan Carlos Valeron
0%
Division 1 2 Cannes France Laurent Leroy
0%
Eredivisie 10 Vitesse Netherlands Orlando Trustfull
0%
Division 1 2 Marseille France Patrick Colleter
0%
Eredivisie 9 Heerenveen Yugoslavia Radoslav Samardzic
0%
Eredivisie 10 Ajax Netherlands Ronald de Boer
0%
Division 1 2 Marseille France Serge Blanc
0%
La Liga 5 Barcelona Brazil Sonny Anderson
0%
Division 1 2 Lens France Stephane Ziani
0%
Bundesliga 12 Karlsruher Germany Thomas Hassler
0%
Division 1 3 Marseille Guinea Titi Camara
0%
Division 1 4 Marseille France Xavier Gravelaine
0%
No matching quizzes found
Score Distribution
Percent of People with Each Score
Percentile by Number Answered
Your Score History
You have not taken this quiz